Tlačiteľné perovskitové solárne články diplomová práca

Saved in:
Bibliographic Details
Main Author: Hvojnik, Matej
Format: Book
Language:Slovak
Published: Bratislava STU FCHPT 2017
Online Access:View in OPAC
Tags: Add Tag
No Tags, Be the first to tag this record!

MARC

LEADER 00000nam a2200000 a 4500
005 20260127134041.0
008 170913 2017 xo 001 0 slo d
035 |a vtls011710713 
039 9 |y 201709131047  |z mschk03 
040 |a STUSCHK1  |b slo  |c STUSCHK1  |e AACR2 
100 1 |a Hvojnik, Matej 
245 1 |a Tlačiteľné perovskitové solárne články  |b diplomová práca  |c Matej Hvojník 
260 |a Bratislava  |b STU FCHPT  |c 2017 
300 |a 80 s.  |b il.  |c 25 cm 
500 |a Študijný program: prírodné a syntetické polyméry 
500 |a Študijný odbor: chemické technológie 
500 |a Školiace pracovisko: Oddelenie polygrafie a aplikovanej fotochémie 
500 |a Evid. číslo: FCHPT-13576-42621 
910 |a SCHK95 
999 |c 2912  |d 2912